MARC details
| 000 -CABECERA |
| campo de control de longitud fija |
01074nam a2200229 a 4500 |
| 003 - IDENTIFICADOR DEL NÚMERO DE CONTROL |
| campo de control |
MX-MxUPN |
| 005 - FECHA Y HORA DE LA ÚLTIMA TRANSACCIÓN |
| campo de control |
20240924091611.0 |
| 008 - ELEMENTOS DE LONGITUD FIJA--INFORMACIÓN GENERAL |
| campo de control de longitud fija |
991125s1924 pe a r 000 0 spa d |
| 035 ## - NÚMERO DE CONTROL DEL SISTEMA |
| Número de control de sistema |
UPN01000038232 |
| 040 ## - FUENTE DE LA CATALOGACIÓN |
| Centro catalogador/agencia de origen |
MX-MxUPN |
| Lengua de catalogación |
spa |
| Centro/agencia transcriptor |
MX-MxUPN |
| 041 0# - CÓDIGO DE IDIOMA |
| Código de lengua del texto/banda sonora o título independiente |
spa |
| 050 14 - SIGNATURA TOPOGRÁFICA DE LA BIBLIOTECA DEL CONGRESO |
| Número de clasificación |
L324 |
| Número de documento/Ítem |
A2 1924 |
| 110 1# - ASIENTO PRINCIPAL--NOMBRE CORPORATIVO |
| Nombre de entidad corporativa o nombre de jurisdicción como elemento de entrada |
Perú. |
| Unidad subordinada |
Ministerio de Justicia, Instrucción, Culto y Beneficencia. |
| -- |
Dirección General de Enseñanza |
| 245 10 - MENCIÓN DE TÍTULO |
| Título |
Memoria que presenta al Sr. Ministro de Instrucción el Director General de Enseñanza, Dr. Alberto A. Giesecke... / |
| Mención de responsabilidad, etc. |
Ministerio de Justicia, Instrucción, Culto y Beneficencia, Dirección General de Enseñanza. |
| 260 ## - PUBLICACIÓN, DISTRIBUCIÓN, ETC. |
| Lugar de publicación, distribución, etc. |
Lima : |
| Nombre del editor, distribuidor, etc. |
Dirección General de Enseñanza, |
| Fecha de publicación, distribución, etc. |
1924. |
| 300 ## - DESCRIPCIÓN FÍSICA |
| Extensión |
525 páginas : |
| Otras características físicas |
ilustraciones |
| 500 ## - NOTA GENERAL |
| Nota general |
"Anexo a la Memoria del Ministerio de Justicia, Instrucción, Culto y Beneficencia" |
| 650 #4 - ASIENTO SECUNDARIO DE MATERIA - TERMINO TEMATICO |
| Término de materia o nombre geográfico como elemento de entrada |
Educación |
| Subdivisión geográfica |
Perú |
| 9 (RLIN) |
9716 |
| 710 2# - ASIENTO SECUNDARIO - NOMBRE CORPORATIVO |
| Nombre de entidad corporativa o nombre de jurisdicción como elemento de entrada |
Museo Pedagógico Nacional (México) |
| 9 (RLIN) |
51335 |
| Término indicativo de función/relación |
propietario anterior |
| 710 2# - ASIENTO SECUNDARIO - NOMBRE CORPORATIVO |
| Nombre de entidad corporativa o nombre de jurisdicción como elemento de entrada |
Biblioteca Felipe Carrillo Puerto (México) |
| 9 (RLIN) |
53273 |
| Término indicativo de función/relación |
propietario anterior |
| 942 ## - ELEMENTOS DE PUNTO DE ACCESO ADICIONAL (KOHA) |
| Fuente del sistema de clasificación o colocación |
Library of Congress Classification |
| Tipo de ítem Koha |
Libro |